Entry Personal Name
Number of records used in: 1
001 - CONTROL NUMBER
003 - CONTROL NUMBER IDENTIFIER
005 - DATE AND TIME OF LATEST TRANSACTION
- control field:
20200129094422.0
008 - FIXED-LENGTH DATA ELEMENTS
- fixed length control field:
100505n| azannaabn |n aaa
010 ## - LIBRARY OF CONGRESS CONTROL NUMBER
- LC control number:
n 2010028453
040 ## - CATALOGING SOURCE
- Original cataloging agency:
DLC
- Language of cataloging:
eng
- Description conventions:
rda
- Transcribing agency:
DLC
- Modifying agency:
DLC
100 1# - HEADING--PERSONAL NAME
- Personal name:
Dutta, Kirti
670 ## - SOURCE DATA FOUND
- Source citation:
Jauhari, Vinnie. Services, 2009:
- Information found:
t.p. (Kirti Dutta; assist. professor, Institute for International Management and Technology (IIMT), Gurgaon, India)
670 ## - SOURCE DATA FOUND
- Source citation:
Brand management, 2012:
- Information found:
t.p. (Kirti Dutta, Assistant Professor (Marketing), Bhartiya Vidya Bhavan's Usha & Lakshmi Mittal Institute of Management, New Delhi)